Speeches statements and messages of the Quaid-e-Azam (Record no. 15767)

MARC details
000 -LEADER
fixed length control field 00502nam a2200181Ia 4500
005 - DATE AND TIME OF LATEST TRANSACTION
control field 20260427123446.0
008 - FIXED-LENGTH DATA ELEMENTS--GENERAL INFORMATION
fixed length control field 231207s9999 xx 000 0 und d
020 ## - INTERNATIONAL STANDARD BOOK NUMBER
International Standard Book Number 9789698042004
040 ## - CATALOGING SOURCE
Transcribing agency PK-LaNCA
082 ## - DEWEY DECIMAL CLASSIFICATION NUMBER
Classification number 080
Item number SPE
100 ## - MAIN ENTRY--PERSONAL NAME
Author Name Khurshid Ahmad Khan Yusufi
245 #0 - TITLE STATEMENT
Title Speeches statements and messages of the Quaid-e-Azam
260 ## - PUBLICATION, DISTRIBUTION, ETC.
Name of publisher, distributor, etc. Bazm-e-Iqbal
Place of publication, distribution, etc. Lahore
Date of publication, distribution, etc. 1996
300 ## - PHYSICAL DESCRIPTION
Pages 4 Vol Set
546 ## - LANGUAGE NOTE
Language note English
650 ## - SUBJECT ADDED ENTRY--TOPICAL TERM
Subject Quaid e Azam, 1876-1948--Speeches. Massages.
942 ## - ADDED ENTRY ELEMENTS (KOHA)
Koha item type Book
999 ## -
-- 15767
-- 15767
Holdings
Withdrawn status Weedout from Library Permanent Location Current Location Shelving location Date acquired Full call number Barcode Copy number Price effective from Koha item type
    NATIONAL COLLEGE OF ARTS, LAHORE - LIBRARY NATIONAL COLLEGE OF ARTS, LAHORE - LIBRARY General Section Library Basement 08/12/2023 080 SPE 19879 19879 VOL 1 08/12/2023 Book
    NATIONAL COLLEGE OF ARTS, LAHORE - LIBRARY NATIONAL COLLEGE OF ARTS, LAHORE - LIBRARY General Section Library Basement 27/04/2026 080 SPE 19880 19880 VOL 2 27/04/2026 Book
    NATIONAL COLLEGE OF ARTS, LAHORE - LIBRARY NATIONAL COLLEGE OF ARTS, LAHORE - LIBRARY General Section Library Basement 27/04/2026 080 SPE 19881 19881 VOL 3 27/04/2026 Book
    NATIONAL COLLEGE OF ARTS, LAHORE - LIBRARY NATIONAL COLLEGE OF ARTS, LAHORE - LIBRARY General Section Library Basement 27/04/2026 080 SPE 19882 19882 VOL 4 27/04/2026 Book